Regional report (Record no. 81827)
[ view plain ]
| 000 -LEADER | |
|---|---|
| fixed length control field | 00952cab a22002415a 4500 |
| 001 - CONTROL NUMBER | |
| control field | L148405 |
| 008 - FIXED-LENGTH DATA ELEMENTS--GENERAL INFORMATION | |
| fixed length control field | 090914e20090724xxk dof 000 0 eng d |
| 035 ## - SYSTEM CONTROL NUMBER | |
| System control number | (Sirsi) u148405 |
| 041 0# - LANGUAGE CODE | |
| Language code of text/sound track or separate title | eng |
| 100 1# - MAIN ENTRY--PERSONAL NAME | |
| Personal name | Shepherd, Mark |
| 245 00 - TITLE STATEMENT | |
| Title | Regional report |
| Remainder of title | Central London |
| 260 ## - PUBLICATION, DISTRIBUTION, ETC. | |
| -- | 2009 |
| 490 #0 - SERIES STATEMENT | |
| Series statement | Property Week |
| Volume/sequential designation | 75(30) 24 July 2009, 53-60(5) |
| 520 ## - SUMMARY, ETC. | |
| Summary, etc. | Key London figures are asked what they want to see in the new draft London Plan to be published in October 2009. Veteran agent Harvey Sonning gives an upbeat forecast for West End commercial property investment. With sterling strengthening against the euro and the dollar European investors might lose interest in London. Charts. Table. |
| 590 ## - LOCAL NOTE (RLIN) | |
| Local note | KA |
| 651 #4 - SUBJECT ADDED ENTRY--GEOGRAPHIC NAME | |
| Geographic name | London |
| 690 ## - LOCAL SUBJECT ADDED ENTRY--TOPICAL TERM (OCLC, RLIN) | |
| Topical term or geographic name as entry element | PROPERTY-COMMERCIAL PROPERTY-COMMERCIAL PROPERTY MARKET |
| 700 1# - ADDED ENTRY--PERSONAL NAME | |
| Personal name | Hatcher, David |
| 700 1# - ADDED ENTRY--PERSONAL NAME | |
| Personal name | Barrie, Giles |
| 700 1# - ADDED ENTRY--PERSONAL NAME | |
| Personal name | Rigby, Jennifer |
| 700 1# - ADDED ENTRY--PERSONAL NAME | |
| Personal name | Hipwell, Deidre |
| 942 ## - ADDED ENTRY ELEMENTS (KOHA) | |
| Suppress in OPAC | 0 |
| Withdrawn status | Lost status | Source of classification or shelving scheme | Damaged status | Not for loan | Home library | Current library | Shelving location | Date acquired | Total Checkouts | Full call number | Barcode | Date last seen | Copy number | Price effective from | Koha item type |
|---|---|---|---|---|---|---|---|---|---|---|---|---|---|---|---|
| Dewey Decimal Classification | London | London | Journal article | 14/09/2009 | L148405 | 148405-1001 | 06/08/2019 | 1 | 06/08/2019 | Journal article |